Mannschaften - Fußball-Europameisterschaft 2020 - Statistiken

Allgemein
  • Dieses Quiz wurde 88 mal gespielt
  • Das Durchschnittsergebnis liegt bei 21 aus 24
Antwortstatistiken
Squadra % Korrekt
Frankreich
99%
Italien
99%
Deutschland
97%
Portugal
97%
Schweiz
97%
England
96%
Polen
96%
Spanien
96%
Dänemark
95%
Türkei
95%
Österreich
94%
Schweden
94%
Ukraine
94%
Ungarn
94%
Belgien
92%
Kroatien
90%
Russland
89%
Finnland
87%
Wales
87%
Niederlande
86%
Schottland
84%
Slowakei
82%
Nord-Mazedonien
70%
Tschechische Republik
28%
Keine übereinstimmenden Quizze gefunden
Verteilung der Resultate
Anzahl Personen mit jedem Resultat
Perzentil nach korrekt beantworteten Fragen
Ihre Resultats-Entwicklung
Sie haben dieses Quiz noch nicht gespielt